000 00563cam a2200193 a 4500
001 12086280
005 20260415112125.0
008 000629s2000 maua b 001 0 eng d
020 _a0072346655
020 _a9780072346657
050 0 0 _aHF5635
_b.W695 2000
082 0 0 _a657
_221
100 1 _aWild, John J.
245 1 0 _aFinancial accounting :
_binformation for decisions /
_cJohn J. Wild.
260 _aBoston :
_bIrwin McGraw-Hill,
_cc2000.
300 _a1 v. (various pagings) :
_bill. (some col.) ;
_c29 cm.
650 0 _aAccounting.
942 _2lcc
_cBK
_n0
999 _c9209
_d9209